| 000 | 00877nas a2200265 4500 | ||
|---|---|---|---|
| 001 | BR8703958 | ||
| 003 | BR-BrBNA | ||
| 005 | 20231205090704.0 | ||
| 007 | ta | ||
| 008 | 230509b bl.|||p| |||| 00| 00por d | ||
| 040 |
_aBR-BrBNA _bpor _cBiblioteca Nacional de Agricultura |
||
| 041 | _a(Pt) | ||
| 072 | _aF50; H60 | ||
| 100 | 1 | _aFurlan, A. | |
| 245 | 1 | _aFlora fanerogamica da reserva do Parque Estadual das Fontes do Ipiranga (Sao Paulo, Brasil). 23-Phytolaccaceae [Phytolacca thyrciflora, caruru de cacho, caruru brabo, caruru acu, erva daninha] | |
| 650 | _aFLORA | ||
| 650 | _aANATOMIA VEGETAL | ||
| 650 | _aMORFOLOGIA VEGETAL | ||
| 650 | _aPARQUE ESTADUAL | ||
| 650 | _aCARURU | ||
| 650 | _aSAO PAULO | ||
| 773 | 0 |
_tHoehnea (Brazil) _xISSN 0073-0912 _g(Dec 1983), v. 10 p. 33-34 _wBR8703958 |
|
| 909 |
_a202311 _bLúcia _c55 _dLúcia Elande |
||
| 942 |
_2AGRIS _n0 _cANA |
||
| 999 |
_c120273 _d120273 |
||